000 00274nam a2200109Ia 4500
008 220204s9999 xx 000 0 und d
082 _a82-3
_bSIL
100 _aSilverberg, Robert
245 0 _aShadrach in the furnace
260 _aLondon
_bVictor Gollancz
_c1977
942 _cBK
999 _c27998
_d27998